Communicating with Asia : Understanding people and customs
This book would be a worthwhile read for anyone interested in the cultural basis of Asian business and social practices
Tallennettuna:
| Päätekijä: | |
|---|---|
| Aineistotyyppi: | Kirja |
| Kieli: | Undetermined |
| Julkaistu: |
St. Leonards (Australia)
Allen & Unwin
1996
|
| Aiheet: | |
| Tagit: |
Lisää tagi
Ei tageja, Lisää ensimmäinen tagi!
|
| Thư viện lưu trữ: | Trung tâm Học liệu Trường Đại học Cần Thơ |
|---|
| LEADER | 00842nam a2200229Ia 4500 | ||
|---|---|---|---|
| 001 | CTU_110935 | ||
| 008 | 210402s9999 xx 000 0 und d | ||
| 082 | |a 303.4825094 | ||
| 082 | |b I.72 | ||
| 100 | |a Irwin, Harry | ||
| 245 | 0 | |a Communicating with Asia : | |
| 245 | 0 | |b Understanding people and customs | |
| 245 | 0 | |c Harry Irwin | |
| 260 | |a St. Leonards (Australia) | ||
| 260 | |b Allen & Unwin | ||
| 260 | |c 1996 | ||
| 520 | |a This book would be a worthwhile read for anyone interested in the cultural basis of Asian business and social practices | ||
| 650 | |a Intercultural communication,Communication and culture,Communication and culture,Asia,Australia | ||
| 650 | |x Social life and customs,Foreign relations | ||
| 650 | |z Asia,Asia,Australia,Asia | ||
| 904 | |i Giang | ||
| 980 | |a Trung tâm Học liệu Trường Đại học Cần Thơ | ||